书目信息 |
| 题名: |
舞蹈艺术浅谈
|
|
| 作者: | 孙景琛 著 | |
| 分册: | ||
| 出版信息: | 北京 人民音乐出版社 1987 |
|
| 页数: | 130页 | |
| 开本: | 20cm | |
| 丛书名: | 舞蹈知识丛书 | |
| 单 册: | ||
| 中图分类: | J70 | |
| 科图分类: | ||
| 主题词: | 舞蹈艺术--研究 , CT--S079816--舞蹈艺术 | |
| 电子资源: | ||
| ISBN: | 7-103-02120-1 | |
| 000 | 00787oam2 2200253 45 | |
| 001 | 012001026055 | |
| 005 | 20070806181258.07 | |
| 010 | @a7-103-02120-1@dCNY7.80 | |
| 100 | @a20010508e20001987em y0chiy0110 ea | |
| 101 | 0 | @achi |
| 102 | @aCN@b110000 | |
| 105 | @af z 000yy | |
| 200 | 1 | @a舞蹈艺术浅谈@9wu dao yi shu qian tan@f孙景琛著 |
| 210 | @a北京@c人民音乐出版社@d1987@h2000重印 | |
| 215 | @a130页@c插图@d20cm | |
| 225 | 2 | @a舞蹈知识丛书 |
| 330 | @a本书内容包括:生活是舞蹈的源泉、舞蹈的特征、舞蹈的内容和形式、舞蹈欣赏和评论、我国的古代舞蹈理论与舞谱等。 | |
| 461 | 0 | @12001 @a舞蹈知识丛书 |
| 606 | 0 | @a舞蹈艺术@x研究 |
| 606 | 0 | @2CT@3S079816@a舞蹈艺术 |
| 690 | @aJ70@v4 | |
| 701 | 0 | @a孙景琛@9sun jing chen@4著 |
| 801 | 0 | @aCN@bNLC@c20070806 |
| 905 | @a10447@dJ70@e99 | |
| 舞蹈艺术浅谈/孙景琛著.-北京:人民音乐出版社,1987(2000重印) |
| 130页:插图;20cm.-(舞蹈知识丛书) |
| ISBN 7-103-02120-1:CNY7.80 |
| 本书内容包括:生活是舞蹈的源泉、舞蹈的特征、舞蹈的内容和形式、舞蹈欣赏和评论、我国的古代舞蹈理论与舞谱等。 |
| ● |
| 相关链接 |
|
|
|
|
正题名:舞蹈艺术浅谈
索取号:J70/99
 
预约/预借
| 序号 | 登录号 | 条形码 | 馆藏地/架位号 | 状态 | 备注 |
| 1 | 0805057 | 208050570 | 第一样本阅览室/ [索取号:J70/99] | 在馆 | |
| 2 | 0805058 | 208050589 | 第一借阅区/ [索取号:J70/99] | 在馆 | |
| 3 | 0805059 | 208050598 | 第一借阅区/ [索取号:J70/99] | 在馆 | |
| 4 | 0805060 | 208050605 | 第一借阅区/ [索取号:J70/99] | 在馆 | |
| 5 | 0805061 | 208050614 | 密集书库-音乐系/ [索取号:J70/99] | 在馆 |